[Event "Deutsche Ländermeisterschaft 2003"]
[Site "Kassel GER"]
[Date "2003.10.22"]
[Round "5"]
[White "Kuhn, Alena"]
[Black "Sörös, Martin-Wolfgang"]
[Result "1-0"]
[Termination "normal"]
[Board "3.7"]
[WhiteElo "1522"]
[BlackElo "1656"]
[WhiteTeam "Hessen 2"]
[BlackTeam "Württemberg"]
[PlyCount "57"]
[EventCountry "GER"]
[EventRounds "7"]
[EventType "team-swiss"]
[EventDate "2003.10.18"]

1. f4 d5 2. Nf3 c6 3. g3 g6 4. Bg2 Bg7 5. O-O Nf6 6. d3 Bf5 7. h3 h5 8. Qe1 Qc8
9. Kh2 Nbd7 10. Nh4 Nf8 11. e4 dxe4 12. dxe4 Bd7 13. f5 N6h7 14. Na3 g5 15. Nf3
g4 16. Nh4 Qc7 17. c3 O-O-O 18. Bf4 Be5 19. Bxe5 Qxe5 20. Nc4 Qc5 21. Qe2 gxh3
22. Bxh3 Ng5 23. Bg2 Be8 24. b4 Qb6 25. a4 Qa6 26. Rfb1 Kb8 27. b5 cxb5 28.
axb5 Qh6 29. Qa2 1-0

[Event "Deutsche Ländermeisterschaft 2003"]
[Site "Kassel GER"]
[Date "2003.10.22"]
[Round "5"]
[White "Zikeli, Julia"]
[Black "Zuyev, Lisa"]
[Result "1-0"]
[Termination "normal"]
[Board "3.8"]
[WhiteElo "1466"]
[BlackElo "1160"]
[WhiteTeam "Württemberg"]
[BlackTeam "Hessen 2"]
[PlyCount "87"]
[WhiteFideId "24622753"]
[EventCountry "GER"]
[EventRounds "7"]
[EventType "team-swiss"]
[EventDate "2003.10.18"]

1. e4 e5 2. Nf3 Nc6 3. Bc4 Bc5 4. c3 Nf6 5. d4 exd4 6. cxd4 Bb4+ 7. Nc3 Nxe4 8.
O-O Bxc3 9. d5 Bf6 10. Re1 Ne7 11. Rxe4 d6 12. Bg5 Bxg5 13. Nxg5 O-O 14. Nxh7
Bf5 15. Nf6+ gxf6 16. Rh4 Kg7 17. Bd3 Rh8 18. Rxh8 Qxh8 19. Bxf5 Nxf5 20. Qg4+
Kf8 21. Qxf5 Re8 22. h3 Re2 23. Qc8+ Kg7 24. Qg4+ Kf8 25. Qxe2 Qg7 26. Re1 Kg8
27. Qg4 Qxg4 28. hxg4 a5 29. Re7 c6 30. Rxb7 cxd5 31. Rd7 Kf8 32. Rxd6 Ke7 33.
Rxd5 a4 34. b4 axb3 35. axb3 Ke6 36. Rd1 Ke5 37. b4 Kf4 38. b5 Kxg4 39. b6 Kg5
40. b7 Kg6 41. b8=Q Kg7 42. Rd3 Kh7 43. Rg3 Kh6 44. Qh8# 1-0

[Event "Deutsche Ländermeisterschaft 2003"]
[Site "Kassel GER"]
[Date "2003.10.22"]
[Round "5"]
[White "Silber, Henning"]
[Black "Zimmermann, Julian"]
[Result "1/2-1/2"]
[Termination "normal"]
[Board "4.1"]
[WhiteElo "2303"]
[BlackElo "2212"]
[WhiteTeam "Rheinland-Pfalz"]
[BlackTeam "Hamburg"]
[PlyCount "48"]
[WhiteFideId "4662024"]
[EventCountry "GER"]
[EventRounds "7"]
[EventType "team-swiss"]
[EventDate "2003.10.18"]

1. e4 c5 2. c3 Nf6 3. e5 Nd5 4. d4 cxd4 5. Nf3 d6 6. cxd4 Nc6 7. Bc4 Nb6 8. Bb5
dxe5 9. Nxe5 Bd7 10. Nxd7 Qxd7 11. O-O e6 12. Be3 Be7 13. Nc3 a6 14. Be2 O-O
15. Qb3 Nb4 16. Ne4 Qd5 17. Nc5 Qxb3 18. axb3 N6d5 19. Nxb7 Nxe3 20. fxe3 Bg5
21. e4 Rab8 22. Nc5 Rfd8 23. Kh1 Rxd4 24. Rfd1 Rxd1+ 1/2-1/2

[Event "Deutsche Ländermeisterschaft 2003"]
[Site "Kassel GER"]
[Date "2003.10.22"]
[Round "5"]
[White "Buchheister, Benjamin"]
[Black "Kühner, Christian"]
[Result "0-1"]
[Termination "normal"]
[Board "4.2"]
[WhiteElo "1881"]
[BlackElo "2174"]
[WhiteTeam "Hamburg"]
[BlackTeam "Rheinland-Pfalz"]
[PlyCount "106"]
[WhiteFideId "24601934"]
[BlackFideId "4679440"]
[EventCountry "GER"]
[EventRounds "7"]
[EventType "team-swiss"]
[EventDate "2003.10.18"]

1. d4 Nf6 2. c4 e6 3. g3 Bb4+ 4. Bd2 Be7 5. Bg2 O-O 6. Nf3 d5 7. O-O b6 8. Qa4
Bb7 9. Ne5 Qe8 10. Qc2 Nbd7 11. cxd5 Nxe5 12. Qxc7 Bxd5 13. Qxe5 Bxg2 14. Kxg2
Qc6+ 15. Kg1 Qc2 16. Qb5 a6 17. Qb3 Qe4 18. e3 Qg4 19. Kg2 h5 20. Bc3 h4 21.
Qd1 h3+ 22. Kh1 Qe4+ 23. f3 Qxe3 24. Re1 Qf2 25. Qe2 Qxe2 26. Rxe2 b5 27. Be1
Rfd8 28. Bf2 Bb4 29. Nd2 Bxd2 30. Rxd2 Rac8 31. Kg1 Rc6 32. Kf1 Rdc8 33. Ke2
Nd5 34. Rad1 Kf8 35. Be1 Ke7 36. Rd3 Rc2+ 37. R3d2 Nb4 38. a3 Nd5 39. Rxc2
Rxc2+ 40. Rd2 Rxd2+ 41. Bxd2 Kd6 42. Kd3 Nb6 43. b3 Kd5 44. Be1 Nc8 45. Bb4 Na7
46. Be1 Nc6 47. Bf2 a5 48. Bg1 a4 49. bxa4 bxa4 50. Kc3 e5 51. dxe5 Nxe5 52.
Kb4 Nxf3 53. Kxa4 Kc6 0-1

[Event "Deutsche Ländermeisterschaft 2003"]
[Site "Kassel GER"]
[Date "2003.10.22"]
[Round "5"]
[White "Armbrust, Florian"]
[Black "Zollondz, Mark"]
[Result "1-0"]
[Termination "normal"]
[Board "4.3"]
[WhiteElo "2205"]
[BlackElo "1968"]
[WhiteTeam "Rheinland-Pfalz"]
[BlackTeam "Hamburg"]
[PlyCount "103"]
[WhiteFideId "4691350"]
[EventCountry "GER"]
[EventRounds "7"]
[EventType "team-swiss"]
[EventDate "2003.10.18"]

1. e4 Nf6 2. e5 Nd5 3. d4 d6 4. c4 Nb6 5. f4 dxe5 6. fxe5 c5 7. d5 e6 8. Nc3
exd5 9. cxd5 c4 10. Nf3 Bb4 11. Bxc4 Qc7 12. Bb5+ Bd7 13. Bxd7+ N8xd7 14. Qd4
Bxc3+ 15. bxc3 Nxd5 16. O-O Qc5 17. e6 Qxd4+ 18. Nxd4 N7f6 19. c4 Ne7 20. Nb5
Kf8 21. exf7 Kxf7 22. Nd6+ Kg6 23. Nxb7 Rac8 24. Ba3 Nf5 25. Rxf5 Kxf5 26. Nd6+
Kg6 27. Nxc8 Rxc8 28. Rc1 Ng4 29. Bb2 Kf7 30. h3 Ne3 31. c5 Rc6 32. Kf2 Nd5 33.
Bd4 Nb4 34. Ke2 Rg6 35. g4 Nc6 36. Bf2 Rh6 37. Rc3 Re6+ 38. Be3 Re4 39. Ra3 Ke6
40. Kf2 g6 41. Rd3 Nb4 42. Rd6+ Ke5 43. Rd7 Nd5 44. Bh6 Ra4 45. Rxh7 Rxa2+ 46.
Kg3 Ra3+ 47. Kh4 Ra5 48. Bf8 Nf6 49. Rg7 Ne4 50. Rxg6 Nxc5 51. Bxc5 Rxc5 52.
Rg5+ 1-0

[Event "Deutsche Ländermeisterschaft 2003"]
[Site "Kassel GER"]
[Date "2003.10.22"]
[Round "5"]
[White "Schmidt, Armin"]
[Black "Völbel, Patrick"]
[Result "1-0"]
[Termination "normal"]
[Board "4.4"]
[WhiteElo "1803"]
[BlackElo "1779"]
[WhiteTeam "Hamburg"]
[BlackTeam "Rheinland-Pfalz"]
[PlyCount "66"]
[WhiteFideId "24610160"]
[BlackFideId "24622583"]
[EventCountry "GER"]
[EventRounds "7"]
[EventType "team-swiss"]
[EventDate "2003.10.18"]

1. e4 c5 2. Nf3 e6 3. d4 cxd4 4. Nxd4 a6 5. Be2 Qc7 6. O-O Nf6 7. Nd2 Nc6 8. c3
Be7 9. f3 d5 10. Nxc6 bxc6 11. exd5 cxd5 12. Nb3 O-O 13. Be3 Bd6 14. f4 Bb7 15.
Bd3 Ne4 16. Rc1 Qe7 17. Qc2 f5 18. Bxe4 fxe4 19. c4 Rac8 20. c5 Bb8 21. Na5 Bc6
22. Nxc6 Rxc6 23. b4 e5 24. fxe5 Rxf1+ 25. Rxf1 Bxe5 26. Qb3 Qe6 27. Rd1 d4 28.
Qxe6+ Rxe6 29. Bxd4 Bf4 30. g3 Be5 31. Kf2 Kf8 32. Ke2 g6 33. a4 e3 1-0

[Event "Deutsche Ländermeisterschaft 2003"]
[Site "Kassel GER"]
[Date "2003.10.22"]
[Round "5"]
[White "Chin, Karin"]
[Black "Wortmann, Jonas"]
[Result "1/2-1/2"]
[Termination "normal"]
[Board "4.6"]
[WhiteElo "1762"]
[BlackElo "1734"]
[WhiteTeam "Hamburg"]
[BlackTeam "Rheinland-Pfalz"]
[PlyCount "53"]
[WhiteFideId "24608157"]
[BlackFideId "24628069"]
[EventCountry "GER"]
[EventRounds "7"]
[EventType "team-swiss"]
[EventDate "2003.10.18"]

1. e4 c5 2. Nf3 e6 3. b3 Nc6 4. Bb2 d6 5. e5 d5 6. Bd3 Nge7 7. O-O Ng6 8. Re1
Be7 9. a4 b6 10. Na3 a6 11. g3 Qc7 12. Bf1 Bb7 13. Qe2 O-O 14. Bg2 Rac8 15. h4
Rfd8 16. h5 Nf8 17. d3 h6 18. Nh2 Nd4 19. Qd2 Nh7 20. Ng4 Ng5 21. Nh2 Ba8 22.
f4 Nh7 23. Qf2 Nf5 24. Rad1 d4 25. Bc1 Bc6 26. Bd2 b5 27. Bxc6 1/2-1/2

[Event "Deutsche Ländermeisterschaft 2003"]
[Site "Kassel GER"]
[Date "2003.10.22"]
[Round "5"]
[White "Klassen, Olga"]
[Black "Stellfeld, Tilman"]
[Result "1-0"]
[Termination "normal"]
[Board "4.7"]
[WhiteElo "1563"]
[BlackElo "1210"]
[WhiteTeam "Rheinland-Pfalz"]
[BlackTeam "Hamburg"]
[PlyCount "31"]
[BlackFideId "24651311"]
[EventCountry "GER"]
[EventRounds "7"]
[EventType "team-swiss"]
[EventDate "2003.10.18"]

1. c4 c5 2. Nc3 Nc6 3. g3 g6 4. Bg2 Bg7 5. e4 e5 6. Nge2 d6 7. O-O Nge7 8. d3
O-O 9. a3 Be6 10. Rb1 Qd7 11. f4 exf4 12. Nxf4 f5 13. Nxe6 Qxe6 14. Bf4 Rab8
15. exf5 Nxf5 16. Bd5 1-0

[Event "Deutsche Ländermeisterschaft 2003"]
[Site "Kassel GER"]
[Date "2003.10.22"]
[Round "5"]
[White "Garny, Annica"]
[Black "Becher, Anne"]
[Result "0-1"]
[Termination "normal"]
[Board "4.8"]
[WhiteElo "1025"]
[BlackElo "1355"]
[WhiteTeam "Hamburg"]
[BlackTeam "Rheinland-Pfalz"]
[PlyCount "96"]
[WhiteFideId "24600660"]
[EventCountry "GER"]
[EventRounds "7"]
[EventType "team-swiss"]
[EventDate "2003.10.18"]

1. e4 e6 2. Nf3 Nc6 3. Nc3 g6 4. Bc4 Bg7 5. d4 Nge7 6. O-O O-O 7. d5 Ne5 8. Bf4
Nxc4 9. Rb1 d6 10. Qe2 Nb6 11. Rbd1 e5 12. Be3 Bd7 13. b3 a5 14. a4 Nbc8 15.
Nb1 c6 16. Nh4 cxd5 17. exd5 Nf5 18. Nxf5 Bxf5 19. f4 Re8 20. h3 Bh6 21. g3
exf4 22. gxf4 Nb6 23. Kh2 Qh4 24. Qf3 Be4 25. Qg3 Qxg3+ 26. Kxg3 Nxd5 27. Rde1
Bxc2 28. Nd2 Rxe3+ 29. Rxe3 Nxe3 30. Rf3 Nf5+ 31. Kg4 Bd1 32. h4 Bxf3+ 33. Nxf3
Re8 34. Nd2 Re2 35. Nf1 Rf2 36. Ng3 Nxg3 37. Kxg3 Rxf4 38. Kh3 f5 39. Kg3 d5
40. b4 axb4 41. a5 b3 42. a6 bxa6 43. h5 b2 44. hxg6 Kg7 45. Kh3 b1=Q 46. Kg3
Qd3+ 47. Kg2 Rc4 48. Kf2 Rc2+ 0-1

[Event "Deutsche Ländermeisterschaft 2003"]
[Site "Kassel GER"]
[Date "2003.10.22"]
[Round "5"]
[White "Schaffer, Hendrik"]
[Black "Zimmermann, Hendrik"]
[Result "1/2-1/2"]
[Termination "normal"]
[Board "5.1"]
[WhiteElo "2215"]
[BlackElo "2115"]
[WhiteTeam "Hessen 1"]
[BlackTeam "Hessen 3"]
[PlyCount "36"]
[WhiteFideId "4663080"]
[BlackFideId "4686225"]
[EventCountry "GER"]
[EventRounds "7"]
[EventType "team-swiss"]
[EventDate "2003.10.18"]

1. d4 f5 2. e4 fxe4 3. Nc3 Nf6 4. Bg5 Nc6 5. d5 Ne5 6. Qe2 c6 7. Bxf6 gxf6 8.
Qxe4 cxd5 9. Qxd5 e6 10. Qb3 Bh6 11. g3 Qc7 12. Bg2 O-O 13. Nge2 Nc4 14. Rd1
Kh8 15. Nb5 Qc5 16. Nbd4 d5 17. Qc3 Qe7 18. O-O Bd7 1/2-1/2

[Event "Deutsche Ländermeisterschaft 2003"]
[Site "Kassel GER"]
[Date "2003.10.22"]
[Round "5"]
[White "Schumacher, Dennis"]
[Black "Bravo Lutz, Sebastian"]
[Result "0-1"]
[Termination "normal"]
[Board "5.2"]
[WhiteElo "2058"]
[BlackElo "2186"]
[WhiteTeam "Hessen 3"]
[BlackTeam "Hessen 1"]
[PlyCount "88"]
[WhiteFideId "4658027"]
[BlackFideId "4671082"]
[EventCountry "GER"]
[EventRounds "7"]
[EventType "team-swiss"]
[EventDate "2003.10.18"]

1. f4 d5 2. g3 h5 3. Nf3 h4 4. gxh4 Bg4 5. Bg2 Bxf3 6. Bxf3 e6 7. d3 Qxh4+ 8.
Kf1 Bd6 9. e3 Nd7 10. Qe1 Qf6 11. Qg3 Rh4 12. Nc3 c6 13. Rg1 g6 14. Rg2 Ne7 15.
Kg1 O-O-O 16. Qg5 Qh8 17. Ne2 Nf5 18. Rf2 Rg8 19. c3 f6 20. Qg2 g5 21. Ng3 gxf4
22. exf4 Rh3 23. Nxf5 exf5 24. Qxg8+ Qxg8+ 25. Rg2 Qe6 26. Re2 Qf7 27. Rf2 Nc5
28. d4 Ne6 29. Bd2 Nxf4 30. Bxf4 Bxf4 31. Bxd5 cxd5 32. Rxf4 Qh5 33. Rf2 f4 34.
Re1 f3 35. b3 Rh4 36. Ref1 Qg4+ 37. Kh1 Qh3 38. c4 dxc4 39. Rc1 Rxd4 40. bxc4
Kc7 41. c5 Kc6 42. Rb1 Rc4 43. Rbf1 Rc3 44. a4 Kxc5 0-1

[Event "Deutsche Ländermeisterschaft 2003"]
[Site "Kassel GER"]
[Date "2003.10.22"]
[Round "5"]
[White "Wolk, Friederike"]
[Black "Schäfer, Paul"]
[Result "1-0"]
[Termination "normal"]
[Board "5.5"]
[WhiteElo "1997"]
[BlackElo "1382"]
[WhiteTeam "Hessen 1"]
[BlackTeam "Hessen 3"]
[PlyCount "56"]
[WhiteFideId "4693400"]
[BlackFideId "24605360"]
[EventCountry "GER"]
[EventRounds "7"]
[EventType "team-swiss"]
[EventDate "2003.10.18"]

1. e4 e5 2. Nf3 Nc6 3. Nc3 Nf6 4. Bb5 d6 5. h3 Bd7 6. d3 a6 7. Ba4 Be7 8. O-O
O-O 9. Nh2 Nd4 10. Bxd7 Nxd7 11. Nd5 c6 12. Ne3 Bg5 13. c3 Bxe3 14. Bxe3 Ne6
15. Kh1 Nf6 16. f4 exf4 17. Bxf4 Nxf4 18. Rxf4 Nd7 19. d4 Re8 20. Qb3 Re7 21.
Raf1 Nf6 22. Ng4 Nxe4 23. Rxe4 Rxe4 24. Rxf7 Re1+ 25. Rf1+ Kh8 26. Rxe1 Qh4 27.
Qe6 Rg8 28. Qe7 h6 1-0

[Event "Deutsche Ländermeisterschaft 2003"]
[Site "Kassel GER"]
[Date "2003.10.22"]
[Round "5"]
[White "Popovic, Nathalie"]
[Black "Brethauer, Sarah"]
[Result "0-1"]
[Termination "normal"]
[Board "5.6"]
[WhiteElo "1409"]
[BlackElo "1889"]
[WhiteTeam "Hessen 3"]
[BlackTeam "Hessen 1"]
[PlyCount "96"]
[WhiteFideId "24630292"]
[BlackFideId "24605220"]
[EventCountry "GER"]
[EventRounds "7"]
[EventType "team-swiss"]
[EventDate "2003.10.18"]

1. d4 d5 2. c4 e6 3. Nc3 Nf6 4. Bg5 Nbd7 5. Nf3 c6 6. cxd5 exd5 7. e3 Qa5 8. a3
Ne4 9. Rc1 Nxc3 10. bxc3 Bxa3 11. Rc2 b5 12. Be2 f6 13. Bf4 Nb6 14. Bc7 Bf5 15.
Bd3 Bxd3 16. Qxd3 Rc8 17. Bxb6 Qxb6 18. O-O O-O 19. Ra1 Bd6 20. Rca2 Bb8 21.
Rb1 Qc7 22. g3 a5 23. Nd2 a4 24. e4 Qd6 25. exd5 Qxd5 26. c4 bxc4 27. Qxc4 Qxc4
28. Nxc4 Rcd8 29. Rxa4 Rxd4 30. Rb6 Rc8 31. Ra8 Rxc4 32. Rbxb8 Rxb8 33. Rxb8+
Kf7 34. Rb7+ Kg6 35. Rc7 Rc2 36. Kf1 h5 37. h4 c5 38. Kg2 c4 39. Kf3 c3 40. Ke3
Kh6 41. Rc6 Kg6 42. Rc7 Rc1 43. Kd3 c2 44. Rxc2 Rxc2 45. Kxc2 Kf5 46. Kd3 Kg4
47. Ke4 g6 48. Ke3 f5 0-1

[Event "Deutsche Ländermeisterschaft 2003"]
[Site "Kassel GER"]
[Date "2003.10.22"]
[Round "5"]
[White "Rafiee, Makan"]
[Black "Wetzel, Carmen"]
[Result "1-0"]
[Termination "normal"]
[Board "5.7"]
[WhiteElo "1647"]
[BlackElo "1409"]
[WhiteTeam "Hessen 1"]
[BlackTeam "Hessen 3"]
[PlyCount "39"]
[WhiteFideId "24609340"]
[EventCountry "GER"]
[EventRounds "7"]
[EventType "team-swiss"]
[EventDate "2003.10.18"]

1. e4 e5 2. f4 exf4 3. Nf3 Ne7 4. Bc4 d5 5. exd5 Nxd5 6. O-O Be7 7. Qe2 c6 8.
Re1 Be6 9. d3 O-O 10. Bxd5 Qxd5 11. Bxf4 Bf6 12. Ne5 Qd4+ 13. Qf2 Qxb2 14. Nd2
Bxa2 15. Qg3 Be6 16. Ne4 Qd4+ 17. Kh1 Qd8 18. Nxf6+ Qxf6 19. Bg5 Qf5 20. Rf1
1-0

[Event "Deutsche Ländermeisterschaft 2003"]
[Site "Kassel GER"]
[Date "2003.10.22"]
[Round "5"]
[White "Schmucklermann, Alexandra"]
[Black "Begeluri, Nino"]
[Result "0-1"]
[Termination "normal"]
[Board "5.8"]
[WhiteElo "846"]
[BlackElo "1125"]
[WhiteTeam "Hessen 3"]
[BlackTeam "Hessen 1"]
[PlyCount "122"]
[EventCountry "GER"]
[EventRounds "7"]
[EventType "team-swiss"]
[EventDate "2003.10.18"]

1. e4 c5 2. Nf3 Nc6 3. Nc3 g6 4. Bc4 Bg7 5. O-O e6 6. d3 Nge7 7. Bg5 O-O 8. Qd2
a6 9. a4 f6 10. Bh6 d5 11. exd5 exd5 12. Bxd5+ Nxd5 13. Nxd5 Qxd5 14. c4 Qh5
15. Be3 b6 16. d4 cxd4 17. Nxd4 Nxd4 18. Qxd4 Rb8 19. Qd6 Rb7 20. Bxb6 Rd7 21.
Qb4 Qg5 22. Qb3 Bb7 23. f3 Rd2 24. Rf2 Rxf2 25. Kxf2 Qd2+ 26. Kg1 Re8 27. Bf2
Bc6 28. h3 Re2 29. Rf1 Qxb2 30. Qxb2 Rxb2 31. a5 Rc2 32. c5 Bf8 33. Bd4 Bxc5
34. Bxc5 Rxc5 35. Ra1 Kf7 36. Ra3 h5 37. Kf2 f5 38. Ke3 Kf6 39. Kf4 g5+ 40. Ke3
Ke5 41. g4 hxg4 42. fxg4 fxg4 43. hxg4 Rc4 44. Rb3 Bb5 45. Kf3 Rf4+ 46. Kg3 Kd5
47. Rc3 Kd4 48. Rc7 Be2 49. Rc6 Rxg4+ 50. Kf2 Bb5 51. Kf3 Bxc6+ 52. Kxg4 Kc5
53. Kxg5 Kb5 54. Kf4 Kxa5 55. Ke3 Kb4 56. Kd2 Kb3 57. Kc1 Ka2 58. Kc2 a5 59.
Kc1 a4 60. Kc2 Be4+ 61. Kd2 Kb2 0-1

[Event "Deutsche Ländermeisterschaft 2003"]
[Site "Kassel GER"]
[Date "2003.10.22"]
[Round "5"]
[White "Leisner, Hannes"]
[Black "Döhn, Raphael"]
[Result "1-0"]
[Termination "normal"]
[Board "6.1"]
[WhiteElo "1994"]
[BlackElo "2101"]
[WhiteTeam "Mecklenburg-Vorpommern"]
[BlackTeam "Sachsen"]
[PlyCount "65"]
[WhiteFideId "4692705"]
[BlackFideId "4695291"]
[EventCountry "GER"]
[EventRounds "7"]
[EventType "team-swiss"]
[EventDate "2003.10.18"]

1. e4 c5 2. Nf3 d6 3. d4 cxd4 4. Nxd4 Nf6 5. Nc3 a6 6. Bc4 e6 7. Be3 Be7 8. Qe2
Qc7 9. O-O-O b5 10. Bd3 Nbd7 11. a3 Bb7 12. f4 Rc8 13. g4 Nc5 14. Bf2 d5 15. e5
Nfd7 16. Kb1 Nb6 17. Rhg1 Nxd3 18. Rxd3 Nc4 19. f5 Qxe5 20. fxe6 Qxe2 21. exf7+
Kxf7 22. Ndxe2 Rhd8 23. Rgd1 Bf6 24. Bd4 Ne5 25. Rg3 h6 26. Nf4 g5 27. Nh5 Bh8
28. h3 Ke6 29. Re3 Re8 30. Rde1 Kd6 31. Ng3 Rc4 32. Nf5+ Kd7 33. Bxe5 1-0

[Event "Deutsche Ländermeisterschaft 2003"]
[Site "Kassel GER"]
[Date "2003.10.22"]
[Round "5"]
[White "Kürsten, Rüdiger"]
[Black "Zentgraf, Robert"]
[Result "1/2-1/2"]
[Termination "normal"]
[Board "6.2"]
[WhiteElo "1989"]
[BlackElo "2083"]
[WhiteTeam "Sachsen"]
[BlackTeam "Mecklenburg-Vorpommern"]
[PlyCount "90"]
[WhiteFideId "24605816"]
[BlackFideId "4676483"]
[EventCountry "GER"]
[EventRounds "7"]
[EventType "team-swiss"]
[EventDate "2003.10.18"]

1. Nf3 b6 2. g3 Bb7 3. Bg2 Nf6 4. O-O c5 5. c4 e6 6. Nc3 d6 7. d4 cxd4 8. Qxd4
a6 9. Rd1 Nbd7 10. b3 Be7 11. Bb2 Qc7 12. Rac1 Rc8 13. e4 O-O 14. Ne1 Rfd8 15.
Kh1 Bf8 16. h3 Nc5 17. Qe3 Qb8 18. g4 Qa8 19. f3 Bc6 20. Ne2 Ne8 21. h4 Bb7 22.
h5 b5 23. h6 g6 24. g5 bxc4 25. Rxc4 Nd7 26. Rcc1 Rxc1 27. Rxc1 Rc8 28. Rd1 Ne5
29. Bh3 Bxe4 30. Nf4 Bf5 31. Bxf5 gxf5 32. b4 Nd7 33. Nxe6 Ne5 34. Nxf8 Kxf8
35. Bxe5 dxe5 36. Qxe5 Rc6 37. Qxf5 Re6 38. Qc5+ Kg8 39. Qf2 Rg6 40. Qg2 Qb8
41. a3 f6 42. Qa2+ Kh8 43. Qf7 fxg5 44. Qf8+ Rg8 45. Qc5 Rg6 1/2-1/2

[Event "Deutsche Ländermeisterschaft 2003"]
[Site "Kassel GER"]
[Date "2003.10.22"]
[Round "5"]
[White "Janotta, Steffi"]
[Black "Beltz, Franziska"]
[Result "0-1"]
[Termination "normal"]
[Board "6.3"]
[WhiteElo "1766"]
[BlackElo "1987"]
[WhiteTeam "Mecklenburg-Vorpommern"]
[BlackTeam "Sachsen"]
[PlyCount "48"]
[WhiteFideId "4696344"]
[BlackFideId "4681401"]
[EventCountry "GER"]
[EventRounds "7"]
[EventType "team-swiss"]
[EventDate "2003.10.18"]

1. e4 c5 2. Nf3 d6 3. d4 cxd4 4. Nxd4 Nf6 5. Nc3 a6 6. Be3 e5 7. Nb3 Be6 8. f3
h5 9. Nd5 Bxd5 10. exd5 Nbd7 11. c4 g6 12. Bd3 Bg7 13. O-O Kf8 14. f4 Ng4 15.
Bd2 Qh4 16. h3 Qg3 17. hxg4 hxg4 18. Qc2 Qh4 19. Rfe1 g3 20. Kf1 Qg4 21. Be3
Rh1+ 22. Bg1 Qxf4+ 23. Ke2 Rxg1 24. Be4 Qf2+ 0-1

[Event "Deutsche Ländermeisterschaft 2003"]
[Site "Kassel GER"]
[Date "2003.10.22"]
[Round "5"]
[White "Hartmann, Tom"]
[Black "Rittemann, Steffen"]
[Result "1-0"]
[Termination "normal"]
[Board "6.4"]
[WhiteElo "2008"]
[BlackElo "1588"]
[WhiteTeam "Sachsen"]
[BlackTeam "Mecklenburg-Vorpommern"]
[PlyCount "47"]
[WhiteFideId "4695399"]
[BlackFideId "24620009"]
[EventCountry "GER"]
[EventRounds "7"]
[EventType "team-swiss"]
[EventDate "2003.10.18"]

1. e4 d6 2. d4 Nf6 3. Nc3 g6 4. f3 Bg7 5. Be3 O-O 6. Qd2 c6 7. g4 b5 8. h4 h5
9. Nge2 b4 10. Nd1 a5 11. Ng3 e5 12. gxh5 Nxh5 13. Nxh5 gxh5 14. Bh6 f5 15.
Bxg7 Kxg7 16. Rg1+ Kh7 17. Rg5 Qe8 18. Nf2 fxe4 19. Nxe4 exd4 20. Qxd4 Rg8 21.
O-O-O Nd7 22. Bd3 Kh6 23. Nxd6 Qe6 24. Rxg8 1-0

[Event "Deutsche Ländermeisterschaft 2003"]
[Site "Kassel GER"]
[Date "2003.10.22"]
[Round "5"]
[White "Stemmler, Lysan"]
[Black "Beltz, Carmen"]
[Result "1-0"]
[Termination "normal"]
[Board "6.5"]
[WhiteElo "1686"]
[BlackElo "1752"]
[WhiteTeam "Mecklenburg-Vorpommern"]
[BlackTeam "Sachsen"]
[PlyCount "81"]
[WhiteFideId "24622451"]
[BlackFideId "24608726"]
[EventCountry "GER"]
[EventRounds "7"]
[EventType "team-swiss"]
[EventDate "2003.10.18"]

1. e4 c5 2. c3 Qa5 3. f4 d6 4. Nf3 Nc6 5. g3 g6 6. Bg2 Bg7 7. O-O e6 8. d3 Nge7
9. Be3 O-O 10. g4 f5 11. h3 b5 12. Nbd2 Rb8 13. Rb1 Qxa2 14. Qe1 Qa6 15. Ng5
Nd8 16. Nxh7 Kxh7 17. Qh4+ Kg8 18. Qxe7 Rb7 19. Qh4 Rc7 20. Ra1 Qb6 21. Rf3 Nc6
22. Qg3 Ne7 23. h4 Kf7 24. Nb3 Ke8 25. gxf5 exf5 26. e5 dxe5 27. fxe5 Nd5 28.
Bf2 f4 29. Qh2 Bg4 30. Nxc5 Rxc5 31. b4 Bxf3 32. Bxc5 Qc6 33. Bxf3 Rf7 34. c4
bxc4 35. dxc4 Bxe5 36. Bxd5 Qf6 37. Bxf7+ Kxf7 38. Rxa7+ Ke8 39. Qd2 Qc6 40.
Re7+ Kf8 41. Re6+ 1-0

[Event "Deutsche Ländermeisterschaft 2003"]
[Site "Kassel GER"]
[Date "2003.10.22"]
[Round "5"]
[White "Hänse, Felix"]
[Black "Friedrich, Paul-Robert"]
[Result "0-1"]
[Termination "normal"]
[Board "6.6"]
[WhiteElo "1735"]
[BlackElo "1580"]
[WhiteTeam "Sachsen"]
[BlackTeam "Mecklenburg-Vorpommern"]
[PlyCount "120"]
[BlackFideId "24616036"]
[EventCountry "GER"]
[EventRounds "7"]
[EventType "team-swiss"]
[EventDate "2003.10.18"]

1. Nf3 e6 2. g3 Nf6 3. Bg2 d5 4. O-O c5 5. c4 Nc6 6. d3 Be7 7. Na3 O-O 8. Bf4
d4 9. Bg5 Nd7 10. Bxe7 Qxe7 11. Nd2 f5 12. e3 e5 13. Qa4 Nf6 14. Qb3 f4 15.
exf4 exf4 16. Rae1 Qd6 17. Ne4 Nxe4 18. Rxe4 f3 19. Bh1 g5 20. Qd1 g4 21. Qd2
Qg6 22. Rf4 Bf5 23. h3 h5 24. Rxf5 Qxf5 25. Nb5 Qe5 26. Re1 Qg7 27. Re6 Rae8
28. Nc7 Rxe6 29. Nxe6 Qf6 30. Nxf8 Kxf8 31. a3 Kg7 32. Kf1 Kg6 33. Qe1 Ne5 34.
b3 Qf5 35. Kg1 b6 36. b4 Qe6 37. Qe4+ Qf5 38. Qe1 Kf6 39. Qd2 Nf7 40. bxc5 bxc5
41. h4 Qe5 42. Kf1 Kg6 43. a4 Qe8 44. a5 Qa4 45. Kg1 Qa1+ 46. Kh2 Qc3 47. Qd1
Qb2 48. Bxf3 Qxf2+ 49. Bg2 Ne5 50. Kh1 Qxg3 51. Qe2 Qxh4+ 52. Kg1 Nf3+ 53. Bxf3
gxf3 54. Qe6+ Qf6 55. Qe8+ Kg5 56. Kf2 Qf4 57. Qe7+ Kg4 58. Qe6+ Kh4 59. Qe7+
Kh3 60. Qe6+ Qg4 0-1

[Event "Deutsche Ländermeisterschaft 2003"]
[Site "Kassel GER"]
[Date "2003.10.22"]
[Round "5"]
[White "Krause, Friederike"]
[Black "Dünzel, Jonas"]
[Result "0-1"]
[Termination "normal"]
[Board "6.7"]
[WhiteElo "923"]
[BlackElo "1180"]
[WhiteTeam "Mecklenburg-Vorpommern"]
[BlackTeam "Sachsen"]
[PlyCount "84"]
[BlackFideId "24631167"]
[EventCountry "GER"]
[EventRounds "7"]
[EventType "team-swiss"]
[EventDate "2003.10.18"]

1. e4 e6 2. d4 d5 3. exd5 exd5 4. Bd3 Bd6 5. Ne2 Nc6 6. c3 Nge7 7. Bf4 Be6 8.
O-O Qd7 9. Nd2 f6 10. Qc2 Bf5 11. Rfe1 O-O 12. Nf3 Bxd3 13. Qxd3 Ng6 14. Qe3
Rae8 15. Qd2 Rxe2 16. Rxe2 Bxf4 17. Qd3 Bd6 18. Rae1 Nf4 19. Qd2 Nxe2+ 20. Qxe2
a6 21. c4 dxc4 22. Qxc4+ Qf7 23. Qxf7+ Kxf7 24. Nh4 Re8 25. Rd1 g6 26. d5 Ne5
27. h3 Nd7 28. g3 Re2 29. b3 Rxa2 30. Kf1 Ra3 31. Rb1 Nb6 32. b4 Nxd5 33. b5 b6
34. Ng2 Nc3 35. Re1 Nxb5 36. Ne3 Nc3 37. Nc4 Ra4 38. Nb2 Re4 39. Ra1 Be5 40.
Nd3 Nd5 41. f3 Re3 42. Nxe5+ Rxe5 0-1